书目信息 |
| 题名: |
全国会计从业资格考试参考法规汇编
|
|
| 作者: | ;中国会计学会编写组 编 | |
| 分册: | ||
| 出版信息: | 北京 经济科学出版社 2009 |
|
| 页数: | 287页 | |
| 开本: | 21cm | |
| 丛书名: | ||
| 单 册: | ||
| 中图分类: | D922.209 , D922.269 | |
| 科图分类: | ||
| 主题词: | 财政法--中国--汇编 , 会计法--中国--汇编 , 财政法 , 会计法 | |
| 电子资源: | ||
| ISBN: | 978-7-5058-8675-9 | |
| 000 | 00990nam0 2200289 45 | |
| 001 | 1033100546 | |
| 005 | 20100407172508.20 | |
| 010 | @a978-7-5058-8675-9@dCNY20.00 | |
| 100 | @a20100401d2009 em y0chiy50 ea | |
| 101 | 0 | @achi |
| 102 | @aCN@b110000 | |
| 105 | @ay z 000yy | |
| 106 | @ar | |
| 200 | 1 | @a全国会计从业资格考试参考法规汇编@AQuan Guo Kuai Ji Cong Ye Zi Ge Kao Shi Can Kao Fa Gui Hui Bian@f中国会计学会编写组编@FZhong Guo Kuai Ji Xue Hui Bian Xie Zu Bian |
| 210 | @a北京@c经济科学出版社@d2009 | |
| 215 | @a287页@d21cm | |
| 300 | @a全国会计从业资格考试辅导教材 | |
| 330 | @a本书内容包括:会计法律制度、税收法律制度、支付结算法律制度、财政法律制度。 | |
| 606 | 0 | @a财政法@y中国@j汇编 |
| 606 | 0 | @a会计法@y中国@j汇编 |
| 606 | 0 | @a财政法 |
| 606 | 0 | @a会计法 |
| 690 | @aD922.209@v4 | |
| 690 | @aD922.269@v4 | |
| 711 | 02 | @a中国会计学会编写组@AZhong Guo Kuai Ji Xue Hui Bian Xie Zu@4编 |
| 801 | 0 | @aCN@bTANGWEI@c20100407 |
| 905 | @b0588427-31@dD922.209@e884@f5 | |
| 全国会计从业资格考试参考法规汇编/中国会计学会编写组编.-北京:经济科学出版社,2009 |
| 287页;21cm |
| 全国会计从业资格考试辅导教材 |
| ISBN 978-7-5058-8675-9:CNY20.00 |
| 本书内容包括:会计法律制度、税收法律制度、支付结算法律制度、财政法律制度。 |
| ● |
| 相关链接 |
|
|
|
|
正题名:全国会计从业资格考试参考法规汇编
索取号:D922.209/884
 
预约/预借
| 序号 | 登录号 | 条形码 | 馆藏地/架位号 | 状态 | 备注 |
| 1 | 0588427 | 205884275 | 第一样本阅览室/ [索取号:D922.209/884] | 在馆 | |
| 2 | 0588428 | 205884284 | 第一借阅区/ [索取号:D922.209/884] | 在馆 | |
| 3 | 0588429 | 205884293 | 第一借阅区/ [索取号:D922.209/884] | 在馆 | |
| 4 | 0588430 | 205884300 | 第一借阅区/ [索取号:D922.209/884] | 在馆 | |
| 5 | 0588431 | 205884319 | 第一借阅区/ [索取号:D922.209/884] | 在馆 |